| 000 | 01260nam a2200337Ia 4500 | ||
|---|---|---|---|
| 001 | ebr10201453 | ||
| 003 | CaPaEBR | ||
| 006 | m u | ||
| 007 | cr cn||||||||| | ||
| 008 | 060825s2006 nju sb 001 0 eng d | ||
| 020 | _z9812568034 | ||
| 020 | _z9789812568038 | ||
| 020 | _z9789812773623 | ||
| 040 |
_aCaPaEBR _cCaPaEBR |
||
| 035 | _a(OCoLC)560454808 | ||
| 050 | 1 | 4 |
_aQA176 _b.F55 2006eb |
| 100 | 1 |
_aFlicker, Yuval Z. _q(Yuval Zvi), _d1955- |
|
| 245 | 1 | 0 |
_aAutomorphic representations of low rank groups _h[electronic resource] / _cYuval Z. Flicker. |
| 260 |
_aHackensack, N.J. : _bWorld Scientific, _cc2006. |
||
| 300 | _axi, 485 p. | ||
| 504 | _aIncludes bibliographical references and index. | ||
| 533 |
_aElectronic reproduction. _bPalo Alto, Calif. : _cebrary, _d2009. _nAvailable via World Wide Web. _nAccess may be limited to ebrary affiliated libraries. |
||
| 650 | 0 | _aRepresentations of groups. | |
| 650 | 0 | _aUnitary groups. | |
| 650 | 0 | _aLifting theory. | |
| 650 | 0 | _aAutomorphic forms. | |
| 650 | 0 | _aTrace formulas. | |
| 655 | 7 |
_aElectronic books. _2local |
|
| 710 | 2 | _aebrary, Inc. | |
| 856 | 4 | 0 |
_uhttp://site.ebrary.com/lib/rucke/Doc?id=10201453 _zAn electronic book accessible through the World Wide Web; click to view |
| 999 |
_c223359 _d223359 |
||